Famous Women #1 - Statistics

General Stats
  • This quiz has been taken 41 times
  • The average score is 6 of 9
Answer Stats
Hint Answer % Correct
Refused to give up her seat on a bus on December 1, 1955 Rosa Parks
97%
Princess of Wales who died in a car crash Princess Diana
89%
Current queen of the United Kingdom Elizabeth II
79%
Openly lesbian talk show host who hosts The ____ Show. She also is the voice of Dory in ¨Finding Nemo¨ Ellen DeGeneres
76%
Blonde actress who was in movies like ¨Some Like It Hot" and ¨The Seven Year Itch¨ Marilyn Monroe
76%
Abolitionist who freed about 300 or more slaves using the Underground Railroad Harriet Tubman
47%
First American woman in space Sally Ride
45%
First woman in space ever Valentina Tereshkova
26%
Founder of the Red Cross Clara Barton
21%
No matching quizzes found
Score Distribution
Percent of People with Each Score
Percentile by Number Answered
Your Score History
You have not taken this quiz